<?xml version="1.0" encoding="UTF-8"?>
<record
    xmlns:xsi="http://www.w3.org/2001/XMLSchema-instance"
    xsi:schemaLocation="http://www.loc.gov/MARC21/slim http://www.loc.gov/standards/marcxml/schema/MARC21slim.xsd"
    xmlns="http://www.loc.gov/MARC21/slim">

  <leader>00402nam a2200133   4500</leader>
  <datafield tag="999" ind1=" " ind2=" ">
    <subfield code="c">517423</subfield>
    <subfield code="d">517423</subfield>
  </datafield>
  <datafield tag="082" ind1=" " ind2=" ">
    <subfield code="a">I51 N12</subfield>
  </datafield>
  <datafield tag="100" ind1=" " ind2=" ">
    <subfield code="a">Nadar, Jagdish Singh</subfield>
    <subfield code="9">25147</subfield>
  </datafield>
  <datafield tag="245" ind1=" " ind2=" ">
    <subfield code="a">101 Great lives who shaped the world </subfield>
    <subfield code="c">edited by Jagdish Singh Nadar and B. Adyanand Nath</subfield>
  </datafield>
  <datafield tag="260" ind1=" " ind2=" ">
    <subfield code="a">New Delhi</subfield>
    <subfield code="b">Robin Books</subfield>
    <subfield code="c">2010</subfield>
  </datafield>
  <datafield tag="300" ind1=" " ind2=" ">
    <subfield code="a">361p.</subfield>
  </datafield>
  <datafield tag="650" ind1=" " ind2=" ">
    <subfield code="a">Great personalities</subfield>
    <subfield code="9">25148</subfield>
  </datafield>
  <datafield tag="700" ind1=" " ind2=" ">
    <subfield code="a">Nath, B. Adyanand</subfield>
    <subfield code="9">25149</subfield>
  </datafield>
  <datafield tag="942" ind1=" " ind2=" ">
    <subfield code="2">ddc</subfield>
  </datafield>
  <datafield tag="952" ind1=" " ind2=" ">
    <subfield code="0">0</subfield>
    <subfield code="1">0</subfield>
    <subfield code="2">ddc</subfield>
    <subfield code="4">0</subfield>
    <subfield code="6">I_51_000000000000000_N12</subfield>
    <subfield code="7">0</subfield>
    <subfield code="a">IIPA</subfield>
    <subfield code="b">IIPA</subfield>
    <subfield code="d">2021-07-14</subfield>
    <subfield code="o">I51 N12</subfield>
    <subfield code="p">GR23795</subfield>
    <subfield code="r">2021-07-14</subfield>
    <subfield code="w">2021-07-14</subfield>
    <subfield code="y">GR</subfield>
  </datafield>
</record>
